000 02047nam0a2200301 i 4500
001 RU\NLR\bibl\2044367
005 20260408102834.0
021 _aRU
_b2013-39271
_92695
035 _a(NLR Aleph) 002031588
090 _a4553076
_c4553076
100 _a20130618d2012 k y0rusy50 ca
101 0 _arus
102 _aRU
105 _aac |||||||||
200 1 _aПроблемы ревитализации традиционной культуры народов Волго-Камья
_eсборник статей V Всероссийскойой научно-практической конференции с международным участием, 17-18 ноября 2012 года
_f[редкол.: Г.Е. Шкалина, д. культурологии, проф. (науч. ред.) и др.]
210 _aЙошкар-Ола
_cФГБОУ ВПО "Марийский государственный университет"
_d2012
215 _a220 с.
_cил., портр.
_d20
300 _aВ надзаг.: М-во образования и науки РФ, ФГБОУ ВПО "Мар. гос. ун-т", Фак. культуры и искусств
320 _aБиблиогр. в примеч. в конце докл.
606 1 _aТрадиционная культура
_jСъезды, совещания и т.п.
_yВолжско-Камский регион
_92161087
_3RU\NLR\auth\661605213
686 _aТ52(235)я431(2)
702 1 _aШкалина
_bГ. Е.
_gГалина Евгеньевна
_4340
711 1 2 _a"Проблемы ревитализации традиционной культуры народов Волго-Камья", всероссийская научно-практическая конференция с международным участием
_d5
_eЙошкар-Ола
_f2012
_9369799
_3RU\NLR\AUTH\8810241960
801 0 _aRU
_bNLR
_c20130618
_gRCR
801 1 _aRU
_bNLR
_c20130618
942 _cBOOK
980 _aNBR